000 02914cam a2200409 i 4500
001 18235008
003 OSt
005 20230921135413.0
008 140721s2015 mdu b 001 0 eng
010 _a 2014023933
020 _a9781442239005 (cloth : alk. paper)
020 _a9781442239012 (pbk. : alk. paper)
020 _z9781442239029 (electronic)
040 _aDLC
_beng
_cDLC
_erda
_dDLC
042 _apcc
043 _ama-----
050 0 0 _aJQ1850.A91
_bA825 2015
082 0 0 _a909.097492708312
_bSUM/A
245 0 4 _aThe Arab uprisings :
_bcatalysts, dynamics, and trajectories /
_cedited by Fahed Al-Sumait, Nele Lenze, and Michael Hudson.
264 1 _aLanham, Maryland :
_bRowman & Littlefield,
_c[2015]
300 _axviii, 303 pages ;
_c24 cm
336 _atext
_btxt
_2rdacontent
337 _aunmediated
_bn
_2rdamedia
338 _avolume
_bnc
_2rdacarrier
504 _aIncludes bibliographical references and index.
505 0 _aForeword : the long view of the Arab uprisings / Rami Khouri -- Introduction : broadening conversations on the Arab uprisings : crossing disciplines, approaches, and geographies / Fahed Al-Sumait, Nele Lenze, and Michael Hudson -- Transition to what? : reflections on the Arab uprisings / Michael Hudson -- The Arab revolts : local, regional, and global catalysts and consequences / Mark Farha -- The political and socio-economic origins of the Arab uprisings : a trinomal probability analysis / Peter Tikuisis and Anton Minkov -- Dissident Tunisia : culture and revolt / Nouri Gana -- Reassessing the recent history of political Islam in light of the Arab uprisings / James L. Gelvin -- Protest mobilization in the age of Twitter / Silvana Toska -- Free? not so fast! : the fourth estate flourishes and falters with the Arab uprisings / Adel Iskandar -- The Arab uprisings in Tunisia : parity, elections, and the struggle for women's rights / Lilia Labidi -- The Arab uprisings : alignments and the regional power balance / Raymond Hinnebusch -- Turkey's ordeal of democratic consolidation : a possible model for the Arab uprisings / Ergun Ă–zbudun -- Democratic contagion versus authoritarian resilience : Jordan's prospects for change / Lars Berger -- Remaking the people : the Arab uprisings and democratization / Larbi Sadiki.
650 0 _aArab Spring, 2010-
650 0 _aProtest movements
_zArab countries
650 0 _aDemocratization
_zArab countries.
651 0 _aArab countries
_xPolitics and government
_y21st century.
700 1 _aAl-Sumait, Fahed Yahya
_eeditor of compilation.
_99555
700 1 _aLenze, Nele,
_eeditor of compilation.
700 1 _aHudson, Michael.
906 _a7
_bcbc
_corignew
_d1
_eecip
_f20
_gy-gencatlg
942 _2ddc
_cBK
_h909.097492708312
_iSUM/A
_k909.097492708312
_mSUM/A
999 _c42228
_d42228